[Event "CAN-ch"]
[Site "Montreal CAN"]
[Date "2001.08.28"]
[Round "9"]
[White "Milicevic, Dragoljub"]
[Black "Chabot, Roland"]
[Result "1-0"]
[WhiteElo "2269"]
[BlackElo "2225"]
[PlyCount "73"]
[GameId "2160767911547030"]
[EventDate "2001.08.21"]
[EventType "swiss"]
[EventRounds "9"]
[EventCountry "CAN"]
[SourceTitle "The Week in Chess 356"]
[Source "Mark Crowther"]
[SourceDate "2001.03.09"]
[SourceVersion "2"]
[SourceVersionDate "2001.03.09"]
[SourceQuality "2"]

1. Nf3 d6 2. d4 Nf6 3. g3 Nbd7 4. Bg2 e5 5. c4 Be7 6. Nc3 O-O 7. O-O c6 8. e4 Qc7 9. h3 a6 10. a4 a5 11. Be3 Re8 12. Rc1 Bf8 13. Re1 h6 14. Rc2 Nh7 15. Rd2 g6 16. Nh2 h5 17. f4 exd4 18. Bxd4 Nc5 19. g4 hxg4 20. hxg4 Ne6 21. Be3 g5 22. f5 Nf4 23. Nf3 f6 24. Bf1 Be7 25. Rh2 Nf8 26. Qd2 d5 27. cxd5 Bd6 28. Bc4 Kg7 29. Rh1 cxd5 30. Bxd5 Bc5 31. Qh2 Bxe3+ 32. Rxe3 Nxd5 33. Qh8+ Kf7 34. Qh5+ Kg7 35. Nxd5 Qc1+ 36. Kg2 Qc6 37. Rd3 1-0

[Event "CAN-ch"]
[Site "Montreal CAN"]
[Date "2001.08.28"]
[Round "9"]
[White "Spraggett, Kevin"]
[Black "Bluvshtein, Mark"]
[Result "1-0"]
[WhiteElo "2531"]
[BlackElo "2303"]
[PlyCount "47"]
[GameId "2160767911547037"]
[EventDate "2001.08.21"]
[EventType "swiss"]
[EventRounds "9"]
[EventCountry "CAN"]
[SourceTitle "The Week in Chess 356"]
[Source "Mark Crowther"]
[SourceDate "2001.03.09"]
[SourceVersion "2"]
[SourceVersionDate "2001.03.09"]
[SourceQuality "2"]

1. e4 e6 2. d3 c5 3. Nf3 Nc6 4. g3 g6 5. Bg2 Bg7 6. O-O Nge7 7. c3 d5 8. Qe2 h6 9. h4 b6 10. e5 a5 11. a4 Ba6 12. Na3 O-O 13. Re1 Ra7 14. Bf4 Rd7 15. Qd2 d4 16. c4 Nf5 17. g4 Nfe7 18. Bxh6 Nb4 19. Bxg7 Kxg7 20. Ng5 Rh8 21. Qf4 Nc8 22. Qg3 Rh6 23. f4 Kh8 24. Kf2 1-0

[Event "CAN-ch U12 w"]
[Site "Toronto CAN"]
[Date "2001.03.16"]
[Round "1"]
[White "Benggawan, Amanda"]
[Black "Mogilevsky, Olga"]
[Result "1/2-1/2"]
[WhiteElo "1979"]
[BlackElo "1788"]
[PlyCount "83"]
[GameId "2160767911610387"]
[EventDate "2001.03.??"]
[EventType "tourn"]
[EventRounds "5"]
[EventCountry "CAN"]
[SourceTitle "EXT 2006"]
[Source "ChessBase"]
[SourceDate "2005.11.24"]
[SourceVersion "1"]
[SourceVersionDate "2005.11.24"]
[SourceQuality "1"]

1. e4 e5 2. Nf3 Nc6 3. Nc3 Nf6 4. d4 exd4 5. Nxd4 Bb4 6. Nxc6 bxc6 7. Bd3 O-O 8. O-O d5 9. exd5 cxd5 10. Bg5 c6 11. Ne2 Re8 12. c3 Be7 13. Nd4 Qc7 14. Bh4 Ng4 15. Bg3 Bd6 16. Nf5 Bxf5 17. Bxf5 Bxg3 18. hxg3 Nf6 19. Bd3 Re5 20. Be2 Rae8 21. Bf3 Ne4 22. Re1 Qb6 23. Bxe4 Rxe4 24. Qd2 Kf8 25. Rxe4 Rxe4 26. b3 Qa6 27. c4 dxc4 28. Qd6+ Ke8 29. Rd1 Qc8 30. bxc4 Re6 31. Qd4 Kf8 32. Qxa7 Qe8 33. Qa5 Re5 34. Qc7 Re7 35. Qd6 g6 36. Qd8 Re1+ 37. Kh2 Rxd1 38. Qxd1 Kg8 39. Qd4 Qa8 40. c5 Qf8 41. Qc3 Qh6+ 42. Kg1 1/2-1/2

[Event "CAN-ch U12 w"]
[Site "Toronto CAN"]
[Date "2001.03.16"]
[Round "1"]
[White "Maric, Gordana"]
[Black "Rodina, Nataliya"]
[Result "1/2-1/2"]
[WhiteElo "1697"]
[BlackElo "1785"]
[PlyCount "69"]
[GameId "2160767911610388"]
[EventDate "2001.03.??"]
[EventType "tourn"]
[EventRounds "5"]
[EventCountry "CAN"]
[SourceTitle "EXT 2006"]
[Source "ChessBase"]
[SourceDate "2005.11.24"]
[SourceVersion "1"]
[SourceVersionDate "2005.11.24"]
[SourceQuality "1"]

1. e4 c5 2. Nf3 a6 3. d4 cxd4 4. Nxd4 Nf6 5. Nc3 e5 6. Nf3 Bb4 7. Bd2 O-O 8. Bd3 d5 9. Nxd5 Nxd5 10. exd5 Bxd2+ 11. Nxd2 Qxd5 12. O-O Nd7 13. Re1 Nf6 14. Qf3 Re8 15. Qxd5 Nxd5 16. Bc4 Nb4 17. Rac1 Bf5 18. Ne4 Rad8 19. a3 Nc6 20. f3 h6 21. c3 Be6 22. Bxe6 Rxe6 23. Rcd1 Ree8 24. Nd6 Re7 25. Rd2 Red7 26. Red1 Ne7 27. Kf2 Nf5 28. Ne4 Rxd2+ 29. Rxd2 Rxd2+ 30. Nxd2 Nd6 31. Ke3 Kf8 32. Kd3 Ke7 33. Ne4 Nxe4 34. fxe4 Kd6 35. c4 1/2-1/2

[Event "CAN-ch U12 w"]
[Site "Toronto CAN"]
[Date "2001.03.16"]
[Round "1"]
[White "Shishkina, Olya"]
[Black "Kagramanov, Dina"]
[Result "1-0"]
[WhiteElo "1961"]
[BlackElo "1854"]
[PlyCount "67"]
[GameId "2160767911610389"]
[EventDate "2001.03.??"]
[EventType "tourn"]
[EventRounds "5"]
[EventCountry "CAN"]
[SourceTitle "EXT 2006"]
[Source "ChessBase"]
[SourceDate "2005.11.24"]
[SourceVersion "1"]
[SourceVersionDate "2005.11.24"]
[SourceQuality "1"]

1. e4 c5 2. Nc3 a6 3. a4 Nc6 4. f4 e6 5. Nf3 d5 6. d3 dxe4 7. Nxe4 Nf6 8. Be2 Be7 9. O-O O-O 10. b3 Qc7 11. Qe1 Nb4 12. Bd1 Nbd5 13. Ne5 b6 14. Qg3 Bb7 15. Bb2 Nxe4 16. dxe4 Nf6 17. Ng4 Kh8 18. Nxf6 Bxf6 19. Bxf6 gxf6 20. Bf3 Rg8 21. Qh4 Rg6 22. Rad1 Rag8 23. Rd2 Bc6 24. Rfd1 Qb7 25. f5 exf5 26. exf5 Rg5 27. Qh6 Bxf3 28. Qxf6+ R5g7 29. Rd8 Qc8 30. Rxc8 Rxc8 31. Rd3 Be4 32. Rg3 Rcg8 33. h4 h5 34. Rg5 1-0

[Event "CAN-ch U12 w"]
[Site "Toronto CAN"]
[Date "2001.03.16"]
[Round "2"]
[White "Maric, Gordana"]
[Black "Benggawan, Amanda"]
[Result "1/2-1/2"]
[WhiteElo "1697"]
[BlackElo "1979"]
[PlyCount "64"]
[GameId "2160767911610390"]
[EventDate "2001.03.??"]
[EventType "tourn"]
[EventRounds "5"]
[EventCountry "CAN"]
[SourceTitle "EXT 2006"]
[Source "ChessBase"]
[SourceDate "2005.11.24"]
[SourceVersion "1"]
[SourceVersionDate "2005.11.24"]
[SourceQuality "1"]

1. e4 c5 2. Nf3 e6 3. d4 cxd4 4. Nxd4 a6 5. a4 b6 6. Nc3 d6 7. Be2 Bb7 8. O-O Nf6 9. f3 Be7 10. Be3 Qc7 11. Qd3 Nbd7 12. Nb3 O-O 13. f4 Nc5 14. Nxc5 dxc5 15. Bf3 Rad8 16. Qe2 Nd7 17. e5 Bxf3 18. Qxf3 c4 19. Ne4 Nc5 20. Nxc5 Bxc5 21. Bxc5 Qxc5+ 22. Qf2 Qc6 23. a5 b5 24. Qb6 Qe4 25. Rf2 Qa8 26. Kf1 Rd5 27. Qe3 Rfd8 28. Re2 Rd4 29. Qf2 Qd5 30. h3 g6 31. Qe3 Kf8 32. Kf2 Rd2 1/2-1/2

[Event "CAN-ch U12 w"]
[Site "Toronto CAN"]
[Date "2001.03.16"]
[Round "2"]
[White "Mogilevsky, Olga"]
[Black "Shishkina, Olya"]
[Result "1/2-1/2"]
[WhiteElo "1788"]
[BlackElo "1961"]
[PlyCount "70"]
[GameId "2160767911610391"]
[EventDate "2001.03.??"]
[EventType "tourn"]
[EventRounds "5"]
[EventCountry "CAN"]
[SourceTitle "EXT 2006"]
[Source "ChessBase"]
[SourceDate "2005.11.24"]
[SourceVersion "1"]
[SourceVersionDate "2005.11.24"]
[SourceQuality "1"]

1. e4 e6 2. d4 d5 3. e5 c5 4. c3 Nc6 5. Nf3 Qb6 6. Bd3 c4 7. Be2 Bd7 8. O-O f6 9. Qe1 fxe5 10. dxe5 Nge7 11. Bd1 a6 12. Bc2 O-O-O 13. Nbd2 g5 14. h3 Bg7 15. Qe2 Be8 16. b3 cxb3 17. Nxb3 Ng6 18. Rb1 Ncxe5 19. Be3 Bb5 20. Bxb6 Bxe2 21. Bxd8 Bxf1 22. Nxe5 Nxe5 23. Kxf1 Rxd8 24. Nc5 Re8 25. Rxb7 Bf8 26. Ra7 Nc6 27. Rxa6 Nb8 28. Rxe6 Rxe6 29. Nxe6 Ba3 30. Bf5 Kb7 31. Nd8+ Kc7 32. Nf7 Bf8 33. Ke2 Bg7 34. Kd3 Nd7 35. Bg4 Ne5+ 1/2-1/2

[Event "CAN-ch U12 w"]
[Site "Toronto CAN"]
[Date "2001.03.16"]
[Round "2"]
[White "Rodina, Nataliya"]
[Black "Kagramanov, Dina"]
[Result "1/2-1/2"]
[WhiteElo "1785"]
[BlackElo "1957"]
[PlyCount "37"]
[GameId "2160767911610392"]
[EventDate "2001.03.??"]
[EventType "tourn"]
[EventRounds "5"]
[EventCountry "CAN"]
[SourceTitle "EXT 2006"]
[Source "ChessBase"]
[SourceDate "2005.11.24"]
[SourceVersion "1"]
[SourceVersionDate "2005.11.24"]
[SourceQuality "1"]

1. e4 c5 2. Nf3 e6 3. d4 cxd4 4. Nxd4 a6 5. Nc3 b5 6. a3 Bb7 7. Bd3 d6 8. O-O Nf6 9. Be3 Be7 10. f4 Nbd7 11. Qe2 O-O 12. Rad1 Nc5 13. Bf2 Qc7 14. Bg3 Rad8 15. Rfe1 Qb6 16. Bf2 Nfd7 17. Ndxb5 axb5 18. b4 Qa6 19. bxc5 1/2-1/2

[Event "CAN-ch U12 w"]
[Site "Toronto CAN"]
[Date "2001.03.17"]
[Round "3"]
[White "Benggawan, Amanda"]
[Black "Rodina, Nataliya"]
[Result "1/2-1/2"]
[WhiteElo "1979"]
[BlackElo "1785"]
[PlyCount "41"]
[GameId "2160767911610393"]
[EventDate "2001.03.??"]
[EventType "tourn"]
[EventRounds "5"]
[EventCountry "CAN"]
[SourceTitle "EXT 2006"]
[Source "ChessBase"]
[SourceDate "2005.11.24"]
[SourceVersion "1"]
[SourceVersionDate "2005.11.24"]
[SourceQuality "1"]

1. e4 c5 2. Nf3 a6 3. c3 e6 4. d4 d5 5. e5 Nc6 6. Bd3 cxd4 7. cxd4 Bb4+ 8. Kf1 Ba5 9. g3 Bd7 10. Nc3 Nge7 11. Kg2 h6 12. Ne2 Bb6 13. b3 Rc8 14. Ba3 Na7 15. Rc1 Bb5 16. Bb1 Bxe2 17. Qxe2 Nb5 18. Bb2 Nc6 19. Qd2 Ba5 20. Qe2 Bb6 21. Qd2 1/2-1/2

[Event "CAN-ch U12 w"]
[Site "Toronto CAN"]
[Date "2001.03.17"]
[Round "3"]
[White "Shishkina, Olya"]
[Black "Maric, Gordana"]
[Result "1-0"]
[WhiteElo "1961"]
[BlackElo "1697"]
[PlyCount "79"]
[GameId "2160767911610394"]
[EventDate "2001.03.??"]
[EventType "tourn"]
[EventRounds "5"]
[EventCountry "CAN"]
[SourceTitle "EXT 2006"]
[Source "ChessBase"]
[SourceDate "2005.11.24"]
[SourceVersion "1"]
[SourceVersionDate "2005.11.24"]
[SourceQuality "1"]

1. e4 c6 2. d4 d5 3. e5 Bf5 4. Nf3 e6 5. Be2 Nd7 6. Nbd2 c5 7. c3 Ne7 8. Nh4 h6 9. Nxf5 Nxf5 10. Nf3 Qc7 11. O-O Ne7 12. b3 Nc6 13. Bb2 Be7 14. Rc1 O-O 15. Bd3 a6 16. Bb1 Rfb8 17. Qc2 Nf8 18. Nd2 b5 19. f4 g6 20. g4 c4 21. b4 Qd7 22. f5 Bg5 23. Rce1 Bxd2 24. Qxd2 g5 25. h4 exf5 26. hxg5 Qe7 27. gxh6 fxg4 28. Rf6 Nh7 29. Bxh7+ Kxh7 30. Rxc6 Qh4 31. Rf1 Qg3+ 32. Qg2 Qxg2+ 33. Kxg2 Rf8 34. Rcf6 Ra7 35. e6 Kg8 36. Rxf7 Raxf7 37. Rxf7 Rxf7 38. exf7+ Kxf7 39. Kg3 Kg6 40. Bc1 1-0

[Event "CAN-ch U12 w"]
[Site "Toronto CAN"]
[Date "2001.03.17"]
[Round "4"]
[White "Benggawan, Amanda"]
[Black "Shishkina, Olya"]
[Result "1/2-1/2"]
[WhiteElo "1979"]
[BlackElo "1961"]
[PlyCount "48"]
[GameId "2160767911610395"]
[EventDate "2001.03.??"]
[EventType "tourn"]
[EventRounds "5"]
[EventCountry "CAN"]
[SourceTitle "EXT 2006"]
[Source "ChessBase"]
[SourceDate "2005.11.24"]
[SourceVersion "1"]
[SourceVersionDate "2005.11.24"]
[SourceQuality "1"]

1. e4 e6 2. d4 d5 3. e5 c5 4. dxc5 Bxc5 5. Qg4 Bf8 6. Nf3 Nc6 7. a3 g6 8. b4 Bg7 9. Bb2 Qc7 10. Qg3 Bd7 11. Nbd2 Nge7 12. Bd3 Nf5 13. Bxf5 exf5 14. O-O O-O 15. Rad1 b5 16. Nb3 a5 17. bxa5 Nxa5 18. Nxa5 Rxa5 19. Ne1 Rfa8 20. Nd3 Bf8 21. Nb4 Be6 22. Qd3 Bxb4 23. axb4 Ra2 24. Bd4 Qc6 1/2-1/2

[Event "CAN-ch U12 w"]
[Site "Toronto CAN"]
[Date "2001.03.17"]
[Round "4"]
[White "Maric, Gordana"]
[Black "Kagramanov, Dina"]
[Result "1-0"]
[WhiteElo "1697"]
[BlackElo "1957"]
[PlyCount "67"]
[GameId "2160767911610396"]
[EventDate "2001.03.??"]
[EventType "tourn"]
[EventRounds "5"]
[EventCountry "CAN"]
[SourceTitle "EXT 2006"]
[Source "ChessBase"]
[SourceDate "2005.11.24"]
[SourceVersion "1"]
[SourceVersionDate "2005.11.24"]
[SourceQuality "1"]

1. e4 c5 2. Nf3 e6 3. d4 cxd4 4. Nxd4 a6 5. a4 b6 6. Nc3 Bb7 7. f3 Nc6 8. Be3 Nf6 9. Be2 Qc7 10. O-O Bd6 11. f4 Bc5 12. e5 Nxd4 13. Bxd4 Ne4 14. Nxe4 Bxe4 15. c3 d6 16. Bxc5 Qxc5+ 17. Qd4 d5 18. b4 Qc7 19. c4 O-O 20. cxd5 Bxd5 21. Bf3 Rfd8 22. Bxd5 Rxd5 23. Qb2 Rad8 24. Rac1 Qd7 25. Qc2 Rd2 26. Qc3 Qxa4 27. Qxd2 Qe8 28. Qc3 h6 29. Rfd1 Rxd1+ 30. Rxd1 Qe7 31. Qd4 Qb7 32. Qd7 Qe4 33. Qd8+ Kh7 34. Qd3 1-0

[Event "CAN-ch U12 w"]
[Site "Toronto CAN"]
[Date "2001.03.17"]
[Round "4"]
[White "Rodina, Nataliya"]
[Black "Mogilevsky, Olga"]
[Result "1/2-1/2"]
[WhiteElo "1785"]
[BlackElo "1788"]
[PlyCount "51"]
[GameId "2160767911610397"]
[EventDate "2001.03.??"]
[EventType "tourn"]
[EventRounds "5"]
[EventCountry "CAN"]
[SourceTitle "EXT 2006"]
[Source "ChessBase"]
[SourceDate "2005.11.24"]
[SourceVersion "1"]
[SourceVersionDate "2005.11.24"]
[SourceQuality "1"]

1. e4 e5 2. Nf3 Nc6 3. Bc4 Nf6 4. d3 Be7 5. c3 O-O 6. O-O d5 7. exd5 Nxd5 8. Bb5 Bf6 9. Nbd2 a6 10. Bxc6 bxc6 11. Nc4 Re8 12. Re1 Bf5 13. Ncxe5 Bxe5 14. Nxe5 Qd6 15. d4 Re6 16. Nc4 Rae8 17. Rxe6 Qxe6 18. Be3 Nxc3 19. bxc3 Qxc4 20. Qb3 Be6 21. Qxc4 Bxc4 22. h3 Rb8 23. Bc1 a5 24. Ba3 g6 25. Bc5 Rb2 26. a3 1/2-1/2

[Event "CAN-ch U12 w"]
[Site "Toronto CAN"]
[Date "2001.03.18"]
[Round "5"]
[White "Kagramanov, Dina"]
[Black "Benggawan, Amanda"]
[Result "1/2-1/2"]
[WhiteElo "1957"]
[BlackElo "1979"]
[PlyCount "50"]
[GameId "2160767911610398"]
[EventDate "2001.03.??"]
[EventType "tourn"]
[EventRounds "5"]
[EventCountry "CAN"]
[SourceTitle "EXT 2006"]
[Source "ChessBase"]
[SourceDate "2005.11.24"]
[SourceVersion "1"]
[SourceVersionDate "2005.11.24"]
[SourceQuality "1"]

1. e4 c5 2. Nf3 e6 3. c3 Nf6 4. e5 Nd5 5. d4 d6 6. Bd3 Be7 7. a3 a6 8. c4 Nb6 9. dxc5 dxc5 10. Nc3 Nc6 11. O-O Nd7 12. Re1 Qc7 13. Bf4 O-O 14. Qe2 Rd8 15. h4 Nf8 16. Rad1 b6 17. Ne4 Nd4 18. Nxd4 Rxd4 19. Qg4 Qd8 20. Bc2 Bb7 21. h5 Bxe4 22. Bxe4 Ra7 23. Be3 Rxd1 24. Rxd1 Rd7 25. Re1 Kh8 1/2-1/2

[Event "CAN-ch U12 w"]
[Site "Toronto CAN"]
[Date "2001.03.18"]
[Round "5"]
[White "Mogilevsky, Olga"]
[Black "Maric, Gordana"]
[Result "1-0"]
[WhiteElo "1788"]
[BlackElo "1697"]
[PlyCount "95"]
[GameId "2160767911610399"]
[EventDate "2001.03.??"]
[EventType "tourn"]
[EventRounds "5"]
[EventCountry "CAN"]
[SourceTitle "EXT 2006"]
[Source "ChessBase"]
[SourceDate "2005.11.24"]
[SourceVersion "1"]
[SourceVersionDate "2005.11.24"]
[SourceQuality "1"]

1. e4 c6 2. d4 d5 3. Nc3 dxe4 4. Nxe4 Bf5 5. Ng3 Bg6 6. Nf3 Nd7 7. h4 h6 8. h5 Bh7 9. Bd3 Bxd3 10. Qxd3 e6 11. Bd2 Ngf6 12. c4 Be7 13. O-O-O Qc7 14. Bc3 O-O-O 15. Qe2 Bd6 16. Ne5 Rhf8 17. f4 c5 18. Ne4 Nxe4 19. Qxe4 Nf6 20. Qe2 cxd4 21. Bxd4 Nd7 22. Kb1 Nxe5 23. fxe5 Bc5 24. Bc3 Rxd1+ 25. Rxd1 Rd8 26. Kc2 Rxd1 27. Qxd1 Bb4 28. Bxb4 Qxc4+ 29. Bc3 Qe4+ 30. Kb3 Qxg2 31. Qd6 Qf3 32. Qc5+ Kb8 33. Qd4 b6 34. Kb4 Qxh5 35. Kb5 Qe2+ 36. Kc6 Qf3+ 37. Kd7 Qb7+ 38. Ke8 f6 39. Qd8+ Qc8 40. Qxc8+ Kxc8 41. exf6 gxf6 42. Bxf6 Kc7 43. Ke7 Kc6 44. Kxe6 Kc5 45. Kf5 b5 46. Kg6 a5 47. Kh5 a4 48. Bd8 1-0

[Event "CAN-ch U12 w"]
[Site "Toronto CAN"]
[Date "2001.03.18"]
[Round "5"]
[White "Shishkina, Olya"]
[Black "Rodina, Nataliya"]
[Result "1/2-1/2"]
[WhiteElo "1961"]
[BlackElo "1785"]
[PlyCount "23"]
[GameId "2160767911610400"]
[EventDate "2001.03.??"]
[EventType "tourn"]
[EventRounds "5"]
[EventCountry "CAN"]
[SourceTitle "EXT 2006"]
[Source "ChessBase"]
[SourceDate "2005.11.24"]
[SourceVersion "1"]
[SourceVersionDate "2005.11.24"]
[SourceQuality "1"]

1. e4 c5 2. Nc3 Nc6 3. f4 g6 4. Nf3 d6 5. Bb5 Bg7 6. Bxc6+ bxc6 7. O-O d5 8. d3 e6 9. Rb1 Ba6 10. Re1 c4 11. d4 Ne7 12. e5 1/2-1/2

[Event "CAN-ch U20 2001"]
[Site "Montreal CAN"]
[Date "2001.01.03"]
[Round "1"]
[White "Bachand-Fleurent, Julien"]
[Black "Hua, Lefong"]
[Result "0-1"]
[WhiteElo "2009"]
[BlackElo "2400"]
[PlyCount "62"]
[GameId "2160767911618922"]
[EventDate "2001.01.03"]
[EventType "swiss"]
[EventRounds "9"]
[EventCountry "CAN"]

1. e4 c5 2. Nc3 Nc6 3. g3 g6 4. Bg2 Bg7 5. d3 d6 6. Be3 Rb8 7. Qd2 b5 8. Nd1 b4 9. Ne2 Qb6 10. O-O e6 11. h3 a5 12. c3 Ba6 13. f4 Nge7 14. g4 f5 15. Kh1 O-O 16. Rc1 bxc3 17. bxc3 d5 18. e5 d4 19. cxd4 cxd4 20. Bg1 fxg4 21. hxg4 Bb7 22. Ng3 g5 23. f5 exf5 24. gxf5 Nxe5 25. Qxg5 Bxg2+ 26. Kxg2 Qb7+ 27. Kh3 h6 28. Qd2 Qd7 29. Qxa5 Nxf5 30. Rc7 Qe6 31. Nxf5 Rxf5 0-1

[Event "CAN-ch U20 2001"]
[Site "Montreal CAN"]
[Date "2001.01.03"]
[Round "1"]
[White "Beaudry, Lukas"]
[Black "Voloaca, Mihnea"]
[Result "1-0"]
[WhiteElo "1945"]
[BlackElo "2237"]
[PlyCount "73"]
[GameId "2160767911618923"]
[EventDate "2001.01.03"]
[EventType "swiss"]
[EventRounds "9"]
[EventCountry "CAN"]

1. e4 c5 2. Nf3 e6 3. d4 cxd4 4. Nxd4 Nf6 5. Nc3 d6 6. g4 h6 7. h4 Nc6 8. Nxc6 bxc6 9. Qf3 Rb8 10. g5 hxg5 11. hxg5 Rxh1 12. Qxh1 Nd7 13. Bc4 Rb4 14. Bb3 Nc5 15. Be3 Qa5 16. O-O-O g6 17. Qh8 Nxb3+ 18. cxb3 Qc7 19. e5 Bd7 20. Rxd6 c5 21. Rxd7 Kxd7 22. Qxf8 Qxe5 23. Qxf7+ Kc6 24. Qxa7 Rg4 25. Qa6+ Kc7 26. Nb5+ Kd7 27. Qb7+ Kd8 28. Qb6+ Kd7 29. Qb7+ Kd8 30. Qh1 Kc8 31. Qc6+ Kd8 32. Qd6+ Qxd6 33. Nxd6 Kc7 34. Nc4 Rg1+ 35. Kc2 Ra1 36. a4 Rg1 37. Ne5 1-0

[Event "CAN-ch U20 2001"]
[Site "Montreal CAN"]
[Date "2001.01.03"]
[Round "1"]
[White "Bluvshtein, Mark"]
[Black "Robichaud, Martin"]
[Result "1-0"]
[WhiteElo "2268"]
[BlackElo "1974"]
[PlyCount "175"]
[GameId "2160767911618924"]
[EventDate "2001.01.03"]
[EventType "swiss"]
[EventRounds "9"]
[EventCountry "CAN"]

1. e4 e6 2. d4 d5 3. Bd3 dxe4 4. Bxe4 Nf6 5. Bd3 c5 6. c3 cxd4 7. cxd4 Bd6 8. Nf3 O-O 9. O-O Bd7 10. Nc3 Bc6 11. Ne5 Nbd7 12. Nxc6 bxc6 13. Qf3 Qc7 14. h3 Rab8 15. b3 Nb6 16. Bg5 Nbd5 17. Rac1 Nxc3 18. Rxc3 Nd5 19. Rc4 g6 20. Rfc1 Rb6 21. h4 Bf4 22. Bxf4 Qxf4 23. Qxf4 Nxf4 24. Bf1 Rc8 25. b4 Nd5 26. a3 Ne7 27. g3 Rd8 28. Bg2 Ra6 29. R1c3 Rd6 30. Be4 Kg7 31. Kf1 f5 32. Bg2 Kf6 33. f4 Nd5 34. Bxd5 exd5 35. Rc5 Rb6 36. Re3 Re6 37. Rxe6+ Kxe6 38. Ra5 a6 39. h5 Kf6 40. hxg6 hxg6 41. Kg2 g5 42. fxg5+ Kg6 43. Kf3 Kxg5 44. Rc5 Kf6 45. Kf4 Ke6 46. Kg5 Kd6 47. Kxf5 Rb8 48. g4 Rf8+ 49. Kg5 Kc7 50. Rc3 Kb6 51. Kh6 Rf4 52. g5 Rh4+ 53. Kg7 Rxd4 54. g6 Rg4 55. Kf7 d4 56. Rf3 c5 57. Rf6+ Kb5 58. Rf5 d3 59. Rxc5+ Ka4 60. Ra5+ Kb3 61. g7 d2 62. Rd5 Kxa3 63. Rxd2 Kxb4 64. Rd4+ Rxd4 65. g8=Q a5 66. Qb8+ Ka4 67. Ke6 Rb4 68. Qg3 Rb3 69. Qe5 Rb5 70. Qc3 Rb3 71. Qa1+ Kb4 72. Kd5 a4 73. Kd4 Rh3 74. Qe1+ Ka3 75. Qe7+ Ka2 76. Kc4 Rb3 77. Qe2+ Rb2 78. Qd1 a3 79. Kc3 Rb1 80. Qd5+ Ka1 81. Qe6 Rb2 82. Qe5 Ka2 83. Qe4 Rb3+ 84. Kc2 Rb2+ 85. Kc1 Rb8 86. Qc2+ Rb2 87. Qd3 Rh2 88. Qb1# 1-0

[Event "CAN-ch U20 2001"]
[Site "Montreal CAN"]
[Date "2001.01.03"]
[Round "1"]
[White "Candow, John"]
[Black "Predescu, Sebastian"]
[Result "1-0"]
[WhiteElo "1422"]
[BlackElo "2042"]
[PlyCount "69"]
[GameId "2160767911618925"]
[EventDate "2001.01.03"]
[EventType "swiss"]
[EventRounds "9"]
[EventCountry "CAN"]

1. d4 Nf6 2. c4 g6 3. Nc3 Bg7 4. e4 d6 5. Be2 O-O 6. Bg5 h6 7. Be3 e5 8. d5 Nbd7 9. Qd2 Nc5 10. f3 Nh5 11. O-O-O Kh7 12. g4 Nf6 13. g5 Ng8 14. h4 h5 15. b4 Nd7 16. Nh3 a5 17. a3 axb4 18. axb4 b6 19. Kb2 Bb7 20. Ra1 Qe7 21. Nb5 Rfc8 22. Rxa8 Bxa8 23. Ra1 Nf8 24. Ra7 Qd8 25. Rxc7 Rxc7 26. Bxb6 Qd7 27. Nxc7 Qxh3 28. Nxa8 f5 29. Bf2 Ne7 30. Nb6 fxe4 31. fxe4 Nd7 32. c5 Nxb6 33. cxb6 Qd7 34. Qc3 Qb7 35. Qc7 1-0

[Event "CAN-ch U20 2001"]
[Site "Montreal CAN"]
[Date "2001.01.03"]
[Round "1"]
[White "Deveau, Justin"]
[Black "Kapadia, Ronak"]
[Result "0-1"]
[WhiteElo "1534"]
[BlackElo "2073"]
[PlyCount "56"]
[GameId "2160767911618926"]
[EventDate "2001.01.03"]
[EventType "swiss"]
[EventRounds "9"]
[EventCountry "CAN"]

1. e4 c6 2. d4 d5 3. Nc3 dxe4 4. Nxe4 Nf6 5. Nxf6+ gxf6 6. Nf3 Bg4 7. Be2 e6 8. Bf4 Bd6 9. Qd2 Qc7 10. Bxd6 Qxd6 11. c3 Nd7 12. Qe3 O-O-O 13. O-O-O Nb6 14. Ne5 Bxe2 15. Nxf7 Qe7 16. Nxh8 Bxd1 17. Nf7 Qxf7 18. Kxd1 e5 19. a3 Qb3+ 20. Kc1 exd4 21. cxd4 Qc4+ 22. Kb1 Qxd4 23. Qe2 Nc4 24. Re1 Rd5 25. a4 Nd2+ 26. Kc1 Rc5+ 27. Kd1 Nb3+ 28. Qd2 Qxd2# 0-1

[Event "CAN-ch U20 2001"]
[Site "Montreal CAN"]
[Date "2001.01.03"]
[Round "1"]
[White "Egorov, Mikhail"]
[Black "Vaingorten, Yaaqov"]
[Result "0-1"]
[WhiteElo "1996"]
[BlackElo "2292"]
[PlyCount "46"]
[GameId "2160767911618927"]
[EventDate "2001.01.03"]
[EventType "swiss"]
[EventRounds "9"]
[EventCountry "CAN"]

1. d4 e6 2. c4 Nf6 3. Nc3 Bb4 4. Qc2 c5 5. e3 O-O 6. Nf3 b6 7. Bd2 cxd4 8. exd4 Bb7 9. Be2 d5 10. cxd5 Nxd5 11. Nxd5 Bxd2+ 12. Qxd2 Qxd5 13. O-O Nc6 14. Rfd1 Rad8 15. b3 Rd7 16. Qf4 Rfd8 17. Rd2 Qd6 18. Qe3 Ne7 19. Rad1 Nf5 20. Qc3 Qf4 21. g3 Qe4 22. Qd3 Qd5 23. g4 Nh4 0-1

[Event "CAN-ch U20 2001"]
[Site "Montreal CAN"]
[Date "2001.01.03"]
[Round "1"]
[White "Gabriel, Jarrett"]
[Black "Masse, Hugues"]
[Result "0-1"]
[WhiteElo "1587"]
[BlackElo "2085"]
[PlyCount "54"]
[GameId "2160767911618928"]
[EventDate "2001.01.03"]
[EventType "swiss"]
[EventRounds "9"]
[EventCountry "CAN"]

1. c4 f5 2. Nc3 Nf6 3. Nf3 g6 4. g3 Bg7 5. Bg2 O-O 6. O-O d6 7. d3 e5 8. b4 e4 9. Nd2 Ng4 10. Qb3 e3 11. fxe3 Nxe3 12. Rf3 Nxg2 13. Kxg2 Nc6 14. Bb2 Nd4 15. Qd1 Nxf3 16. Nxf3 f4 17. Qd2 fxg3 18. hxg3 Bg4 19. Nd5 Bxb2 20. Qxb2 c6 21. Nf4 g5 22. Nh2 gxf4 23. Nxg4 Qg5 24. Nh2 Rae8 25. Nf3 Qxg3+ 26. Kh1 Rf5 27. e4 Qxf3+ 0-1

[Event "CAN-ch U20 2001"]
[Site "Montreal CAN"]
[Date "2001.01.03"]
[Round "1"]
[White "Gottlieb, Jonathan"]
[Black "Johnson, Kyle"]
[Result "1-0"]
[WhiteElo "2118"]
[BlackElo "1741"]
[PlyCount "87"]
[GameId "2160767911618929"]
[EventDate "2001.01.03"]
[EventType "swiss"]
[EventRounds "9"]
[EventCountry "CAN"]

1. e4 c5 2. Nf3 Nc6 3. d4 cxd4 4. Nxd4 e5 5. Nb5 d6 6. N1c3 a6 7. Na3 Be7 8. Nd5 f5 9. Be3 Rb8 10. Bb6 Qd7 11. Nc7+ Kf8 12. Bc4 Nd8 13. Nd5 Qc6 14. Bc7 b5 15. Bxb8 bxc4 16. Nxe7 Qxe4+ 17. Kf1 Nxe7 18. Bxd6 Ne6 19. Qe2 Qxe2+ 20. Kxe2 Nd4+ 21. Kf1 e4 22. c3 Nb5 23. Nxb5 axb5 24. a4 bxa4 25. Rxa4 Kf7 26. Bxe7 Kxe7 27. Ra7+ Kf6 28. Ra8 Re8 29. f4 g5 30. g3 h5 31. Ke2 gxf4 32. gxf4 Rg8 33. Ke3 Rd8 34. Ke2 h4 35. Rd1 Rg8 36. Ke3 Ke6 37. Rd4 h3 38. Rxc4 Kd7 39. Rca4 Ke6 40. R4a7 Rd8 41. Rh7 Rd3+ 42. Ke2 Bd7 43. Ra6+ Rd6 44. Rh6+ 1-0